000 00397nam a2200157Ia 4500
008 151213s9999 xx 000 0 und d
100 _aDominick Salvatore
245 _aMicro- Economics Theory
_cDominick Salvatore
250 _a1st
260 _aNew York
_bMcGrow Hill
_c2004
300 _a2265 p.
650 _aEconomics
650 _aEconomics
700 _aDominick Salvatore
999 _c1638
_d1638